Statistics for Donald Trump's New Travel Ban

Click here to take the quiz!

General Stats

  • This quiz has been taken 10,472 times
    (10,453 since last reset)
  • The average score is 5 of 8

Answer Stats

Answer % Correct
Iran
95%
Syria
88%
Yemen
74%
Libya
62%
Somalia
57%
North Korea
51%
Chad
28%
Venezuela
25%

Score Distribution

Percentile by Number Answered

Percent of People with Each Score

Your Score History

You have not taken this quiz since the last reset